000 01735nam a22004215i 4500
001 195971
003 ES-MaACL
005 20250728223737.0
008 240804s2006 sp o000 0 spa d
017 _aM 39170-2006
020 _a8480146708
020 _a9788480146708
024 _a31106054X
_qNIPO
035 _aCSIC001231625
035 _a(ES-MaCSI)001231625MAD01-Aleph
035 _a(OCoLC)1085802081
035 _a990012316250204201
040 _aES-MaCSI
_bspa
_cES-MaACL
080 _a630
245 1 0 _aCalidad de planta forestal para la restauración en ambientes mediterráneos :
_bestado actual de conocimientos /
_ccoordinadores Jordi Cortina...[et al.].
260 _a[Madrid] :
_bOrganismo Autónomo Parques Nacionales,
_cD.L. . 2006.
300 _a191 p. :
_bil. ;
_c25 cm.
336 _2rdacontent
_atexto
337 _2rdamedia
_asin mediación
338 _2rdacarrier
_avolumen
490 1 _aNaturaleza y parques nacionales. Serie forestal
500 _aVersión digital en línea disponible en: https://www.miteco.gob.es/content/dam/miteco/es/biodiversidad/publicaciones/calidad_planta_forestal_tcm30-100334.pdf
650 4 _aRepoblación forestal
_2CSICAU
_916850
700 _aCortina Segarra, Jordi
_9237752
_epbl
710 0 _aOrganismo Autónomo Parques Nacionales (España)
_96053
830 0 _aNaturaleza y parques nacionales
_9237751
852 _aES-MaACL
_bR.154447
_cDEPOJ
_jN-9103
_hDonación: María Pelles
_xEncuadernación cartoné
_9205002
903 _aPelles, María
_ednr
942 _2udc
_cMONOGRAFIA
_n0
999 _c195971
_d195971